Rizikový profil investora - teória a prax diplomová práca

Enregistré dans:
Détails bibliographiques
Auteur principal: Cicák, Adam
Collectivité auteur: Národohospodárska fakulta EU. Katedra bankovníctva a medzinárodných financií
Autres auteurs: Árendáš, Peter, 1986-
Format: Livre
Langue:slovaque
Publié: Bratislava 2025
Tags: Ajouter un tag
Pas de tags, Soyez le premier à ajouter un tag!

MARC

LEADER 00000nbm a2200000 4500
001 0309369
005 20260107110205.3
041 0 |a slo 
044 |a SK 
245 1 0 |a Rizikový profil investora - teória a prax  |b diplomová práca  |c Adam Cicák ; školiteľ: Peter Árendáš 
264 1 |a Bratislava  |c 2025 
300 |a 70 s. 
100 1 |a Cicák, Adam 
700 1 |a Árendáš, Peter, 1986- 
710 2 |a Národohospodárska fakulta EU. Katedra bankovníctva a medzinárodných financií